|
|
|
|
| LEADER |
02739nam a2200649 i 4500 |
| 001 |
nkc20172875918 |
| 003 |
CZ PrNK |
| 005 |
20170411071132.0 |
| 007 |
ta |
| 008 |
170213s2017 xr ah f m 000 0 cze |
| 015 |
|
|
|a cnb002875918
|
| 020 |
|
|
|a 978-80-01-06083-4
|q (brožováno)
|
| 035 |
|
|
|a (OCoLC)982101191
|
| 040 |
|
|
|a ABA001
|b cze
|e rda
|
| 041 |
0 |
|
|a cze
|b cze
|b eng
|
| 043 |
|
|
|a e-xr---
|
| 045 |
|
|
|a x6x6
|
| 072 |
|
7 |
|a 72
|x Architektura
|2 Konspekt
|9 21
|
| 080 |
|
|
|a 72(437.3)
|2 MRF
|
| 080 |
|
|
|a 930.2:001.891
|2 MRF
|
| 080 |
|
|
|a 316.72
|2 MRF
|
| 080 |
|
|
|a 719
|2 MRF
|
| 080 |
|
|
|a (043.5:042.3)
|2 MRF
|
| 100 |
1 |
|
|a Popelová, Lenka,
|d 1976-
|7 stk2009493714
|4 aut
|
| 245 |
1 |
0 |
|a Výzkum české architektury šedesátých let u nás a jeho specifika =
|b Research of the Czech architecture of the 1960s in our country and its specific features /
|c Lenka Popelová
|
| 246 |
3 |
1 |
|a Research of the Czech architecture of the 1960s in our country and its specific features
|
| 250 |
|
|
|a 1. vydání
|
| 264 |
|
1 |
|a V Praze :
|b České vysoké učení technické,
|c [2017]
|
| 300 |
|
|
|a 32 stran :
|b ilustrace, faksimile ;
|c 21 cm
|
| 336 |
|
|
|a text
|b txt
|2 rdacontent
|
| 337 |
|
|
|a bez média
|b n
|2 rdamedia
|
| 338 |
|
|
|a svazek
|b nc
|2 rdacarrier
|
| 490 |
1 |
|
|a Habilitační přednáška ;
|v 4/2017
|
| 500 |
|
|
|a Nad názvem: České vysoké učení technické v Praze, Fakulta stavební = Czech Technical University in Prague, Faculty of Civil Engineering
|
| 500 |
|
|
|a 59 výtisků
|
| 504 |
|
|
|a Obsahuje bibliografie a bibliografické odkazy
|
| 546 |
|
|
|a České a anglické resumé
|
| 648 |
|
7 |
|a 1961-1970
|7 ch460584
|2 czenas
|
| 650 |
0 |
7 |
|a česká architektura
|7 ph128102
|y 1961-1970
|2 czenas
|
| 650 |
0 |
7 |
|a historický výzkum
|7 ph920023
|2 czenas
|
| 650 |
0 |
7 |
|a kulturní identita
|7 ph122024
|2 czenas
|
| 650 |
0 |
7 |
|a památková péče
|7 ph123918
|2 czenas
|
| 650 |
0 |
9 |
|a Czech architecture
|y 1961-1970
|2 eczenas
|
| 650 |
0 |
9 |
|a historical research
|2 eczenas
|
| 650 |
0 |
9 |
|a cultural identity
|2 eczenas
|
| 650 |
0 |
9 |
|a historic preservation
|2 eczenas
|
| 655 |
|
7 |
|a habilitační přednášky
|7 fd187328
|2 czenas
|
| 655 |
|
9 |
|a habilitation lectures
|2 eczenas
|
| 710 |
2 |
|
|a České vysoké učení technické v Praze.
|b Stavební fakulta
|7 kn20010710181
|4 isb
|
| 810 |
2 |
|
|a České vysoké učení technické v Praze.
|t Habilitační přednášky
|0 s
|
| 856 |
4 |
1 |
|u http://www.digitalniknihovna.cz/mzk/uuid/uuid:9adeead0-c3a5-11e7-9c14-005056827e51
|y Digitalizovaný dokument
|x NDK
|
| 910 |
2 |
|
|a BOA001
|b 2-1386.899
|
| 928 |
9 |
|
|a České vysoké učení technické v Praze
|
| 990 |
|
|
|a BK
|
| 995 |
|
|
|a 01
|
| 991 |
|
|
|b 201704
|c NOV
|
| 996 |
6 |
|
|b 2610704178
|c 2-1386.899
|l MZK
|r Sklad / do 1 hodiny
|n 1
|p p.v.
|w 001606433
|u 000010
|a 1
|e BOA001
|j MZK50
|s P
|